000 00876cab a2200301 4500
001 ABS47065
008 090401t1992 xxu||||| |||| 00| 0 eng d
035 _a(Sirsi) u60662
041 _aeng
100 _aArden, A.
245 _aCan a dependent apply to be housed?
260 _c1992
350 _a0
490 _aLocal Government Chronicle
_v18 September 1992, 16(1)
520 _aDiscusses two Court of Appeal decisions on homelessness which have caused confusion over the status of housing applications made by children and dependent adults.
650 _aBEXLEY
650 _aDEPENDENTS
650 _aHOMELESS
650 _aHOUSING (HOMELESS PERSONS) ACT 1977
650 _aLEWIS
650 _aMENTALLY HANDICAPPED
650 _aOLDHAM
650 _aPRIORITY NEED
650 _aRAHMAN
690 _aHOUSING
942 _n0
948 _c04/03/1997
999 _c37465
_d37465